drapeaux forme de pays CM2 JF1 - Statistiques

Statistiques générales
  • Ce quiz a été pris 101 fois
    97 depuis la dernière actualisation
  • Le résultat moyen est 28 sur 30
Statistiques - réponses
Par images Réponse % Correct
Italie
100%
Portugal
100%
Argentine
98%
Canada
98%
Espagne
98%
France
98%
Algérie
97%
Allemagne
97%
Brésil
97%
Chine
97%
Etats-Unis
97%
Royaume-Uni
97%
Australie
95%
Grèce
95%
Inde
95%
Mexique
95%
Turquie
95%
Égypte
94%
Suède
94%
Russie
92%
Mali
89%
Danemark
88%
Indonésie
88%
Japon
86%
Mongolie
86%
Pérou
86%
Côte d'Ivoire
85%
Kenya
85%
Madagascar
85%
Nouvelle-Zélande
85%
Aucun quiz correspondant
Distribution des résultats
% des personnes avec chaque résultat
Percentile par nombre de réponses
Votre historique - résultats
Vous n’avez pas pris ce quiz depuis la dernière actualisation